000 00615nam a2200241Ia 4500
003 OSt
005 20221005131230.0
006 a|||||r|||| 00| 0
007 ta
008 221004b |||||||| |||| 00| 0 kan d
024 _a61547
037 _cTextual
040 _aCRL
_cCRL
_bkan
041 _2kan
_akan
082 _aV2.N<-B, 33J1
100 _aMoreland Au.
_9639300
245 0 _aShort history of India
260 _c1951
650 _aHISTORY
700 _a Chatterjee Au.
_9220794
942 _hV2.N<-B, 33J1
_cTEXL
_2cc
999 _c1059713
_d1059713